| 000 | 00000nam##2200000za#4500 |
| 001 | 9.620850 |
| 003 | CaOODSP |
| 005 | 20200401044243 |
| 007 | ta |
| 008 | 150406|1993||||xxc||||| f|0| 0 fre|d |
| 020 | |a0-662-98282-7 |
| 022 | |a1188-7990 |
| 040 | |aCaOODSP|bfre |
| 043 | |an-cn--- |
| 086 | 1 |aEn1-17/7-1993F |
| 110 | 1 |aCanada.|bEnvironnement Canada. |bProtection de l'environnement. |
| 245 | 10|aIncinérateur régénératif pour la destruction des émissions toxiques de l'industrie du papier goudronné |
| 260 | |aMontréal - Québec : |bEnvironnement Canada. |c1993. |
| 300 | |a4p. : |bfigures en couleur, tableaux ; |c28 cm. |
| 490 | 1 |aTechnologies Saint-Laurent |x1188-7990 |
| 500 | |a«Cette fiche a été rédigée à partir des résultats d'un projet de développement et de démonstration technologique réalisé par la compagnie Cascades Inc. en collaboration avec la firme Biothermica International Inc. et financé par le Centre Saint-Laurent.»--Page 4. «Un incinérateur régénératif développé au départ pour les vapeurs de solvants légers des ateliers de peinture a été utilisé à l'usine de Cascades Inc., à Joliette (Québec), afin de déterminer son efficacité de destruction des émissions du saturateur de papier goudronné.»--Page 1. |
| 520 | 3 |aCette fiche a été rédigée à partir des résultats d'un projet de développement et de démonstration technologique réalisé par la compagnie Cascades Inc. en collaboration avec la firme Biothermica International Inc. et financé par le Centre Saint-Laurent.--Page 4 Un incinérateur régénératif développé au départ pour les vapeurs de solvants légers des ateliers de peinture a été utilisé à l'usine de Cascades Inc., à Joliette (Québec), afin de déterminer son efficacité de destruction des émissions du saturateur de papier goudronné.--Page 1 |
| 563 | |aDépliant |
| 691 | 07|aDéchets dangereux|2gcpds |
| 691 | 07|aIndustrie des pâtes et papiers|2gcpds |
| 776 | 0#|tDéchets dangereux. Incinérateur régénératif pour la destruction des émissions toxiques de l'industrie du papier goudronné |w(CaOODSP)9.601839 |
| 830 | #0|aTechnologies Saint-Laurent,|x1188-7990|w(CaOODSP)9.512939 |